| 000 | 00377nam a22001457a 4500 | ||
|---|---|---|---|
| 008 | 250703b |||||||| |||| 00| 0 eng d | ||
| 020 | _a9788176489423 | ||
| 050 |
_aQ 181.A2 _b.J67 |
||
| 100 | _aJoshi S.R | ||
| 245 | _aTeaching of Science | ||
| 260 |
_aNew Delhi _bAP.H Publishing Corporation _c2023 |
||
| 300 | _a383p. | ||
| 650 | _aScience- Study & teaching | ||
| 942 | _cBK | ||
| 999 |
_c4097 _d4097 |
||